LEADER 00820nam0-22002651i-450- 001 990001290520403321 035 $a000129052 035 $aFED01000129052 035 $a(Aleph)000129052FED01 035 $a000129052 100 $a20000920d1984----km-y0itay50------ba 101 1$aeng 200 1 $aEvolutionary dynamics of genetic diversity$eProceedings of a Sumposium held in Manchester, England. March 29-30, 1983$fedited by G.S. Mani 205 $a$a 210 $aBerlin [etc.]$cSpringer-Verlag$d1984 215 $aLecture notes in biomathematics, 53 702 1$aMani,$bG.S. 801 0$aIT$bUNINA$gRICA$2UNIMARC 901 $aBK 912 $a990001290520403321 952 $aC-15-(53$b6141$fMA1 959 $aMA1 996 $aEvolutionary dynamics of genetic diversity$9383871 997 $aUNINA DB $aING01